000 00295nam a2200097Ia 4500
008 171211s9999 xx 000 0 und d
245 _aAls Die Soldaten Kamen: Die Vergewaltigung Deutscher Frauen Am Ende Des Zweiten Weltkriegs
245 _cMiriam Gebhardt
260 _c2015
650 _xMilitary
999 _c348308
_d348308